| 000 | 01254nam a22002057a 4500 | ||
|---|---|---|---|
| 999 |
_c62653 _d62653 |
||
| 003 | Ge_BSU | ||
| 005 | 20250115162711.0 | ||
| 008 | 250115s2024 ge ||||| |||| 00| 0 geo d | ||
| 020 | _a9789941488894 | ||
| 041 | _ageo | ||
| 080 | _a597/599(075.8) გ-69 | ||
| 100 |
_aგორაძე, რეზო _910719 |
||
| 245 |
_aხერხემლიან ცხოველთა ზოოლოგია : _bსახ-ლო საქართვ. უმაღლესი სასწავლებლის ბიოლოგიური სპეც. სტუდენ. ს / _cრეზო გორაძე; რედ. იზოლდა მაჭუტაძე; ბათუმის შოთა რუსთაველის სახელმწიფო უნივერსიტეტი. |
||
| 264 |
_aბათუმი : _bბსუ, _c2024. |
||
| 300 |
_a522 გვ.: _bილ.; _c30 სმ. |
||
| 504 | _aბიბლიოგრ. გვ. 520-521 | ||
| 700 |
_aმაჭუტაძე, იზოლდა _eრედაქტორი _910071 |
||
| 710 |
_aბათუმის შოთა რუსთაველის სახელმწიფო უნივერსიტეტი _924050 |
||
| 942 |
_2udc _cᲬᲘᲒᲜᲘ |
||